<?xml version="1.0" encoding="UTF-8"?>
<record
    xmlns:xsi="http://www.w3.org/2001/XMLSchema-instance"
    xsi:schemaLocation="http://www.loc.gov/MARC21/slim http://www.loc.gov/standards/marcxml/schema/MARC21slim.xsd"
    xmlns="http://www.loc.gov/MARC21/slim">

  <leader>00665nam a22001577a 4500</leader>
  <controlfield tag="003">OSt</controlfield>
  <controlfield tag="005">20151009092025.0</controlfield>
  <controlfield tag="008">151009b        xxu||||| |||| 00| 0 eng d</controlfield>
  <datafield tag="040" ind1=" " ind2=" ">
    <subfield code="c">RUA</subfield>
  </datafield>
  <datafield tag="082" ind1=" " ind2=" ">
    <subfield code="a">AVM HUY 2008 B070 Or.1</subfield>
  </datafield>
  <datafield tag="100" ind1=" " ind2=" ">
    <subfield code="9">2412</subfield>
    <subfield code="a">HUY, PISETH.</subfield>
  </datafield>
  <datafield tag="245" ind1=" " ind2=" ">
    <subfield code="a">Survey  on small scale sow raising in lvea aem district, kandal province.&#x1780;&#x17B6;&#x179A;&#x17A2;&#x1784;&#x17D2;&#x1782;&#x17C1;&#x178F;&#x179B;&#x17BE;&#x1780;&#x17B6;&#x179A;&#x1785;&#x17B7;&#x1789;&#x17D2;&#x1785;&#x17B9;&#x1798;&#x1798;&#x17C1;&#x1787;&#x17D2;&#x179A;&#x17BC;&#x1780;&#x1787;&#x17B6;&#x179B;&#x1780;&#x17D2;&#x1781;&#x178E;&#x17C8;&#x1782;&#x17D2;&#x179A;&#x17BD;&#x179F;&#x17B6;&#x179A;&#x179A;&#x1794;&#x179F;&#x17CB;&#x1780;&#x179F;&#x17B7;&#x1780;&#x179A;&#x1793;&#x17C5;&#x179F;&#x17D2;&#x179A;&#x17BB;&#x1780;&#x179B;&#x17D2;&#x179C;&#x17B6;&#x17AF;&#x1798; &#x1781;&#x17C1;&#x178F;&#x17D2;&#x178F;&#x1780;&#x178E;&#x17D2;&#x178F;&#x17B6;&#x179B;.</subfield>
  </datafield>
  <datafield tag="260" ind1=" " ind2=" ">
    <subfield code="a">phnom phen</subfield>
    <subfield code="b">RUA</subfield>
    <subfield code="c">2008</subfield>
  </datafield>
  <datafield tag="300" ind1=" " ind2=" ">
    <subfield code="a">XV,49p.</subfield>
    <subfield code="b">ill.</subfield>
    <subfield code="c">29cm.</subfield>
  </datafield>
  <datafield tag="942" ind1=" " ind2=" ">
    <subfield code="2">ddc</subfield>
    <subfield code="c">AVM</subfield>
  </datafield>
  <datafield tag="999" ind1=" " ind2=" ">
    <subfield code="c">2270</subfield>
    <subfield code="d">2270</subfield>
  </datafield>
  <datafield tag="952" ind1=" " ind2=" ">
    <subfield code="0">0</subfield>
    <subfield code="1">0</subfield>
    <subfield code="2">ddc</subfield>
    <subfield code="4">0</subfield>
    <subfield code="6">AVM_HUY_2008_000000000000000_B082_OR_1</subfield>
    <subfield code="7">0</subfield>
    <subfield code="9">9574</subfield>
    <subfield code="a">LBB</subfield>
    <subfield code="b">LBB</subfield>
    <subfield code="c">B082</subfield>
    <subfield code="d">2015-10-09</subfield>
    <subfield code="o">AVM HUY 2008 B082 Or.1</subfield>
    <subfield code="p">RUA007660</subfield>
    <subfield code="r">2015-10-09</subfield>
    <subfield code="w">2015-10-09</subfield>
    <subfield code="y">AVM</subfield>
  </datafield>
  <datafield tag="952" ind1=" " ind2=" ">
    <subfield code="0">0</subfield>
    <subfield code="1">0</subfield>
    <subfield code="2">ddc</subfield>
    <subfield code="4">0</subfield>
    <subfield code="6">AVM_HUY_2008_000000000000000_B082_OR_2</subfield>
    <subfield code="7">0</subfield>
    <subfield code="9">9575</subfield>
    <subfield code="a">LBB</subfield>
    <subfield code="b">LBB</subfield>
    <subfield code="c">B082</subfield>
    <subfield code="d">2015-10-09</subfield>
    <subfield code="o">AVM HUY 2008 B082 Or.2</subfield>
    <subfield code="p">RUA025411</subfield>
    <subfield code="r">2015-10-09</subfield>
    <subfield code="w">2015-10-09</subfield>
    <subfield code="y">AVM</subfield>
  </datafield>
  <datafield tag="952" ind1=" " ind2=" ">
    <subfield code="0">0</subfield>
    <subfield code="1">0</subfield>
    <subfield code="2">ddc</subfield>
    <subfield code="4">0</subfield>
    <subfield code="6">AVM_HUY_2008_000000000000000_B082_OR_3</subfield>
    <subfield code="7">0</subfield>
    <subfield code="9">9576</subfield>
    <subfield code="a">LBB</subfield>
    <subfield code="b">LBB</subfield>
    <subfield code="c">B082</subfield>
    <subfield code="d">2015-10-09</subfield>
    <subfield code="o">AVM HUY 2008 B082 Or.3</subfield>
    <subfield code="p">RUA009639</subfield>
    <subfield code="r">2015-10-09</subfield>
    <subfield code="w">2015-10-09</subfield>
    <subfield code="y">AVM</subfield>
  </datafield>
  <datafield tag="952" ind1=" " ind2=" ">
    <subfield code="0">0</subfield>
    <subfield code="1">0</subfield>
    <subfield code="2">ddc</subfield>
    <subfield code="4">0</subfield>
    <subfield code="6">AVM_HUY_2008_000000000000000_B082OR_4</subfield>
    <subfield code="7">0</subfield>
    <subfield code="9">9577</subfield>
    <subfield code="a">LBB</subfield>
    <subfield code="b">LBB</subfield>
    <subfield code="c">B082</subfield>
    <subfield code="d">2015-10-09</subfield>
    <subfield code="o">AVM HUY 2008 B082Or.4</subfield>
    <subfield code="p">RUA009638</subfield>
    <subfield code="r">2015-10-09</subfield>
    <subfield code="w">2015-10-09</subfield>
    <subfield code="y">AVM</subfield>
  </datafield>
  <datafield tag="952" ind1=" " ind2=" ">
    <subfield code="0">0</subfield>
    <subfield code="1">0</subfield>
    <subfield code="2">ddc</subfield>
    <subfield code="4">0</subfield>
    <subfield code="6">AVM_HUY_2008_000000000000000_B082_OR_5</subfield>
    <subfield code="7">0</subfield>
    <subfield code="9">9578</subfield>
    <subfield code="a">LBB</subfield>
    <subfield code="b">LBB</subfield>
    <subfield code="c">B082</subfield>
    <subfield code="d">2015-10-09</subfield>
    <subfield code="o">AVM HUY 2008 B082 Or.5</subfield>
    <subfield code="p">RUA019816</subfield>
    <subfield code="r">2015-10-09</subfield>
    <subfield code="w">2015-10-09</subfield>
    <subfield code="y">AVM</subfield>
  </datafield>
  <datafield tag="952" ind1=" " ind2=" ">
    <subfield code="0">0</subfield>
    <subfield code="1">0</subfield>
    <subfield code="2">ddc</subfield>
    <subfield code="4">0</subfield>
    <subfield code="6">AVM_HUY_2008_000000000000000_B082_OR_6</subfield>
    <subfield code="7">0</subfield>
    <subfield code="9">9579</subfield>
    <subfield code="a">LBB</subfield>
    <subfield code="b">LBB</subfield>
    <subfield code="c">B082</subfield>
    <subfield code="d">2015-10-09</subfield>
    <subfield code="o">AVM HUY 2008 B082 Or.6</subfield>
    <subfield code="p">RUA015087</subfield>
    <subfield code="r">2015-10-09</subfield>
    <subfield code="w">2015-10-09</subfield>
    <subfield code="y">AVM</subfield>
  </datafield>
  <datafield tag="952" ind1=" " ind2=" ">
    <subfield code="0">0</subfield>
    <subfield code="1">0</subfield>
    <subfield code="2">ddc</subfield>
    <subfield code="4">0</subfield>
    <subfield code="6">AVM_HUY_2008_000000000000000_B082_OR_7</subfield>
    <subfield code="7">0</subfield>
    <subfield code="9">9580</subfield>
    <subfield code="a">LBB</subfield>
    <subfield code="b">LBB</subfield>
    <subfield code="c">B082</subfield>
    <subfield code="d">2015-10-09</subfield>
    <subfield code="l">1</subfield>
    <subfield code="o">AVM HUY 2008 B082 Or.7</subfield>
    <subfield code="p">RUA007829</subfield>
    <subfield code="r">2018-12-12</subfield>
    <subfield code="s">2018-12-06</subfield>
    <subfield code="w">2015-10-09</subfield>
    <subfield code="y">AVM</subfield>
  </datafield>
</record>
